00227nam a2200073Ia 4500082001600000245004100016100005500057008004100112 a345.68 BURC 0aCases and materials on criminal law  a BURCHELL, Jonathan M. Cape Town, 2007 3rd ed. 210817s9999 xx 000 0 und d